| 000 | 01284nam a2200313Ia 4500 | ||
|---|---|---|---|
| 001 | ebr10061150 | ||
| 003 | CaPaEBR | ||
| 006 | m u | ||
| 007 | cr cn||||||||| | ||
| 008 | 980320s1990 enkabf sb 001 0 eng d | ||
| 020 | _z0203447301 | ||
| 020 | _z041516639X | ||
| 040 |
_aCaPaEBR _cCaPaEBR |
||
| 035 | _a(OCoLC)191031546 | ||
| 050 | 1 | 4 |
_aDA152 _b.Y67 1990eb |
| 100 | 1 |
_aYorke, Barbara, _d1951- |
|
| 245 | 1 | 0 |
_aKings and kingdoms of early Anglo-Saxon England _h[electronic resource] / _cBarbara Yorke. |
| 260 |
_aLondon ; _aNew York : _bRoutledge, _c1990. |
||
| 300 |
_avi, 218 p., [4] p. of plates : _bill., maps. |
||
| 504 | _aIncludes bibliographical references (p. [196]-211) and index. | ||
| 533 |
_aElectronic reproduction. _bPalo Alto, Calif. : _cebrary, _d2009. _nAvailable via World Wide Web. _nAccess may be limited to ebrary affiliated libraries. |
||
| 650 | 0 |
_aAnglo-Saxons _xKings and rulers. |
|
| 650 | 0 | _aCivilization, Medieval. | |
| 651 | 0 |
_aGreat Britain _xHistory _yAnglo-Saxon period, 449-1066. |
|
| 651 | 0 |
_aGreat Britain _xKings and rulers. |
|
| 655 | 7 |
_aElectronic books. _2local |
|
| 710 | 2 | _aebrary, Inc. | |
| 856 | 4 | 0 |
_uhttp://site.ebrary.com/lib/rucke/Doc?id=10061150 _zAn electronic book accessible through the World Wide Web; click to view |
| 999 |
_c155927 _d155927 |
||